000 00818cab a2200169 4500
001 L130460
008 050727n2005 000 0 eng u
035 _a(Sirsi) u130460
041 _aeng
245 _aSpecial report: retail, out of town
260 _c2005
490 _aProperty Week
_v70(29) 22 July 2005, 83-90(6)
520 _aSpecial report focusing on out of town retail, looks at the many challenges in the current out of town sector. These include the slow down in consumer spending, expansion of high street stores into the sector and the clampdown on mezzanines. Takes the view points of five sector insiders. Also examines the planning aspects of retail warehouse schemes.
590 _aIKA020805
690 _aPROPERTY-COMMERCIAL PROPERTY-RETAIL PROPERTY-OUT OF TOWN RETAIL PROPERTY
942 _n0
999 _c104462
_d104462